LEADER 01127nam0 22002891i 450 001 UON00025667 005 20231205102038.792 100 $a20020107g13711992 |0itac50 ba 101 $aper 102 $aIR 105 $a|||| 1|||| 200 1 $aAtas bedun-e dud$fNader Ebrahimi 210 $aTehran$cRuzbehan$d1371 H. [1992] 215 $a2 v.; 21 c 300 $aPoss. v. 2. : Deraxt-e moqaddas 423 1$1001UON00354446$12001 $aDeraxt-e moqaddas 606 $aLETTERATURA PERSIANA$xPERIODO CONTEMPORANEO$xPROSA$3UONC000478$2FI 620 $aIR$dTihra?n$3UONL005570 686 $aIRA VI AEZ$cIRAN - LETTERATURA - PERSIANO - TESTI LETTERARI - PERIODO MODERNO E CONTEMPORA$2A 700 1$aEBRAHIMI$bNader$3UONV016766$0642855 712 $aRuzbehan$3UONV248039$4650 801 $aIT$bSOL$c20240220$gRICA 899 $aSIBA - SISTEMA BIBLIOTECARIO DI ATENEO$2UONSI 912 $aUON00025667 950 $aSIBA - SISTEMA BIBLIOTECARIO DI ATENEO$dSI IRA VI AEZ 358 N $eSI SA 84248 7 358 N 996 $aAtas bedun-e dud$91201195 997 $aUNIOR